ბათუმის შოთა რუსთაველის სახელმწიფო უნივერსიტეტის ბიბლიოთეკა

რელიგია და გამოცხადება (ბიბ.ჩანაწერი № 34657)

000 -LEADER
fixed length control field 00725nam a2200205Ia 4500
001 - CONTROL NUMBER
control field 433
003 - CONTROL NUMBER IDENTIFIER
control field GE_BSU
008 - FIXED-LENGTH DATA ELEMENTS--GENERAL INFORMATION
fixed length control field 181216s||||||||xx |||||||||||||| ||und||
040 ## - CATALOGING SOURCE
Transcribing agency GE_BSU
080 ## - UNIVERSAL DECIMAL CLASSIFICATION NUMBER
Universal Decimal Classification number 27-235+2-264
100 ## - MAIN ENTRY--PERSONAL NAME
Personal name გუარდინი,რომანო
245 ## - TITLE STATEMENT
Title რელიგია და გამოცხადება
245 ## - TITLE STATEMENT
Statement of responsibility, etc. რედ. ემზარ კვიტაიშვილი; გერმანულიდან თარგმნა ვიქტორ რცხილაძემ
260 ## - PUBLICATION, DISTRIBUTION, ETC.
Place of publication, distribution, etc. თბილისი
260 ## - PUBLICATION, DISTRIBUTION, ETC.
Date of publication, distribution, etc. 2008
300 ## - PHYSICAL DESCRIPTION
Extent 335გვ.
653 ## - INDEX TERM--UNCONTROLLED
Uncontrolled term რელიგია და გამოცხადება
942 ## - ADDED ENTRY ELEMENTS (KOHA)
Koha item type წიგნი
ეგზემპლარები
Withdrawn status Lost status Damaged status Not for loan Date acquired Barcode Date last seen Price effective from Koha item type Public note
        2018-12-17 876 2018-12-17 2018-12-17 წიგნი დარბაზი